000 00994nam a22002177a 4500
999 _c59902
_d59902
003 Ge_BSU
005 20230508171338.0
008 230508s2011 ge ||||| |||| 00| 0 geo d
020 _a9789941033704
041 _ageo
080 _a791(=353.1)(031) კ-
100 _aკერესელიძე, მარინა
_918038
245 _aქართული კინო, 1896-2011 :
_bენციკლოპედიური ლექსიკონი /
_cმარინა კერესელიძე; [ავტ., შემდგ. და რედ. მარინა კერესელიძე].
264 _aთბილისი,
_c2011.
300 _a272გვ. :
_bფოტ. ;
_c28სმ.
500 _aსაძიებლები: გვ. 249-271.
504 _aბიბლიოგრ.: გვ. 272.
653 _aქართული კინო
653 _aენციკლოპედიური ლექსიკონი
942 _2udc
_cBK